000 00686cam a22002293a 4500
001 5954
003 PGUSA
005 20140828083126.0
008 040601s2004||||xxu|||||s|||||000 | eng d
040 _aPGUSA
_beng
042 _adc
050 4 _aBT
100 1 _aRawlinson, A. E. J.
_q(Alfred Edward John),
_d1884-1960
245 1 0 _aReligious Reality :
_bA Book for Men
_h[electronic resource] /
_cA. E. J. Rawlinson
260 _bProject Gutenberg,
_c2004
506 _aPublic domain in the USA.
516 _aElectronic text
653 _aTheology, Doctrinal -- Popular works
830 0 _aProject Gutenberg
_v5954
856 4 0 _uhttp://www.gutenberg.org/ebooks/5954
942 _cEB
999 _c235282
_d235282